Statistics for Sport Picture Puzzle Game #1

Click here to take the quiz!

General Stats

  • This quiz has been taken 3,467 times
  • The average score is 9 of 17

Answer Stats

Hint Answer % Correct
HTML tutorial New England ________ (NFL)Patriots
85%
HTML tutorial How many hurdles are in 100 metres hurdles race?Ten
81%
HTML tutorial Most important tennis tournament in UKWimbledon
70%
HTML tutorial Team with most UEFA Champions League titlesReal Madrid
66%
HTML tutorial NBA team once in Minnesota and now in CaliforniaLakers
65%
HTML tutorial First name of former US sprinter OwensJesse
63%
HTML tutorial Pocket billiards or ____Pool
61%
HTML tutorial NBA team once called Seattle SuperSonicsOklahoma City Thunder
59%
HTML tutorial Host city of 1996 Summer OlympicsAtlanta
55%
HTML tutorial First country that won FIFA World CupUruguay
53%
Novak Djoković
42%
HTML tutorial Who invented the sport of basketball?James Naismith
37%
HTML tutorial Former Serbian soccer player, captain of manchester UnitedNemanja Vidić
34%
HTML tutorial Australian swimmer who won 5 medals in 2000 Summer OlympicsIan Thorpe
30%
HTML tutorial Host city of Italian Grand Prix (Formula 1)Monza
23%
HTML tutorial The first gymnast to be awarded a perfect score of 10
in an Olympic gymnastics event
Nadia Comăneci
18%
HTML tutorial Present name of Centennial Olympic Stadium in AtlantaTurner Field
9%

Score Distribution

Percentile by Number Answered

Percent of People with Each Score

Your Score History

You have not taken this quiz